Institutions and Ethnic Politics in Africa (Record no. 119726)
[ view plain ]
| 000 -LEADER | |
|---|---|
| fixed length control field | 00530nam a22001457a 4500 |
| 008 - FIXED-LENGTH DATA ELEMENTS--GENERAL INFORMATION | |
| fixed length control field | 140128b xxu||||| |||| 00| 0 eng d |
| 020 ## - INTERNATIONAL STANDARD BOOK NUMBER | |
| International Standard Book Number | 978-0-521-54179-4 |
| 050 ## - LIBRARY OF CONGRESS CALL NUMBER | |
| Classification number | JQ2831.P67 2004 |
| 100 ## - MAIN ENTRY--PERSONAL NAME | |
| Personal name | Posner, Daniel N. |
| 9 (RLIN) | 7144 |
| 245 ## - TITLE STATEMENT | |
| Title | Institutions and Ethnic Politics in Africa |
| Statement of responsibility, etc | Daniel N. Posner |
| 260 ## - PUBLICATION, DISTRIBUTION, ETC. (IMPRINT) | |
| Place of publication, distribution, etc | Los Angeles |
| Name of publisher, distributor, etc | University of Califonia |
| Date of publication, distribution, etc | 2004 |
| 300 ## - PHYSICAL DESCRIPTION | |
| Extent | xv, 337p. ; |
| Dimensions | 23cm. |
| 650 ## - SUBJECT ADDED ENTRY--TOPICAL TERM | |
| Topical term or geographic name as entry element | Politics, Practical |
| General subdivision | politics and government |
| -- | ethnic relations |
| -- | political aspects |
| Geographic subdivision | Zambia |
| 9 (RLIN) | 7145 |
| 942 ## - ADDED ENTRY ELEMENTS (KOHA) | |
| Source of classification or shelving scheme | Library of Congress Classification |
| Item type | Monograph ( Printed materials) |
| Withdrawn status | Lost status | Source of classification or shelving scheme | Damaged status | Not for loan | Home library | Current library | Date acquired | Total Checkouts | Full call number | Barcode | Date last seen | Date last borrowed | Price effective from | Koha item type |
|---|---|---|---|---|---|---|---|---|---|---|---|---|---|---|
| Library of Congress Classification | ARRUPE LIBRARY | ARRUPE LIBRARY | 28/01/2014 | 2 | JQ2831.P67 2004 | 464122275 | 27/05/2020 | 23/03/2020 | 28/01/2014 | Monograph ( Printed materials) |